| 000 | 00362nam a2200145Ia 4500 | ||
|---|---|---|---|
| 008 | 230917s9999||||xx |||||||||||||| ||und|| | ||
| 040 |
_e15075 _aMAIN |
||
| 041 | _aEnglish | ||
| 082 | _a512.5 A24I | ||
| 100 | _aAnderpon, Robert F V | ||
| 245 | 0 | _aIntroduction to linear algebra | |
| 260 |
_aDelhi _bCBS Publishing _c1986 |
||
| 300 | _axix, 388 p. | ||
| 942 | _cBK | ||
| 999 |
_c68462 _d68462 |
||